[Event "Montcalm II 2001-02"]
[Site "Quebec CAN"]
[Date "2001.11.08"]
[Round "4"]
[White "Boudreau, Daniel"]
[Black "Marquis, Paul"]
[Result "1-0"]
[WhiteElo "2046"]
[BlackElo "1902"]
[PlyCount "69"]
[GameId "2160767911485060"]
[EventDate "2001.10.18"]
[EventType "tourn"]
[EventRounds "5"]
[EventCountry "CAN"]
[SourceTitle "EXT 2009"]
[Source "ChessBase"]
[SourceDate "2008.11.26"]
[SourceVersion "1"]
[SourceVersionDate "2008.11.26"]
[SourceQuality "1"]

1. e4 d6 2. d4 Nf6 3. Nc3 g6 4. Be3 c6 5. Qd2 b5 6. f3 Nbd7 7. O-O-O Qa5 8. Kb1 Nb6 9. Nd5 Qxd2 10. Nxf6+ exf6 11. Rxd2 Nc4 12. Bxc4 bxc4 13. d5 c5 14. Ne2 h5 15. Re1 Rb8 16. Kc1 Bg7 17. c3 O-O 18. Ng3 h4 19. Nf1 f5 20. Bf4 Rb6 21. Ne3 Ba6 22. exf5 Rfb8 23. Rc2 Re8 24. Ree2 Be5 25. Bxe5 Rxe5 26. fxg6 fxg6 27. Ng4 Rg5 28. Re7 Kf8 29. Rce2 Rb7 30. R7e6 Rf7 31. Rxd6 Bb5 32. Ne5 h3 33. Rxg6 Rxg6 34. Nxg6+ Kg8 35. Ne5 1-0

[Event "Montcalm II 2001-02"]
[Site "Quebec CAN"]
[Date "2001.11.08"]
[Round "4"]
[White "Bourassa, Andre"]
[Black "Boezio, Luigi"]
[Result "1-0"]
[WhiteElo "1584"]
[BlackElo "1450"]
[PlyCount "51"]
[GameId "2160767911485061"]
[EventDate "2001.10.18"]
[EventType "tourn"]
[EventRounds "5"]
[EventCountry "CAN"]

1. d4 d5 2. c4 c6 3. Nf3 Nf6 4. Bf4 e6 5. e3 Bb4+ 6. Nbd2 Ne4 7. a3 Nxd2 8. Nxd2 Bd6 9. Bg3 O-O 10. Bd3 Re8 11. Qc2 g6 12. Nf3 Qa5+ 13. Ke2 dxc4 14. Bxg6 hxg6 15. Bxd6 Rd8 16. Bxb8 Rxb8 17. Qxc4 Bd7 18. Ne5 b5 19. Qc5 Qa6 20. b4 Kg7 21. Ng4 Kg8 22. Nf6+ Kg7 23. Qe5 Kf8 24. Nh7+ Kg8 25. Nf6+ Kf8 26. Nxd7+ 1-0

[Event "Montcalm II 2001-02"]
[Site "Quebec CAN"]
[Date "2001.11.08"]
[Round "4"]
[White "Dion, Jean-Francois"]
[Black "Lachance, Norbert"]
[Result "1/2-1/2"]
[WhiteElo "1719"]
[BlackElo "1675"]
[PlyCount "137"]
[GameId "2160767911485062"]
[EventDate "2001.10.18"]
[EventType "tourn"]
[EventRounds "5"]
[EventCountry "CAN"]
[SourceTitle "EXT 2009"]
[Source "ChessBase"]
[SourceDate "2008.11.26"]
[SourceVersion "1"]
[SourceVersionDate "2008.11.26"]
[SourceQuality "1"]

1. d4 d5 2. Nf3 Nf6 3. Bf4 Nc6 4. c3 Bg4 5. Nbd2 e6 6. h3 Bxf3 7. Nxf3 Bd6 8. Bxd6 cxd6 9. e3 O-O 10. Be2 e5 11. O-O Ne4 12. Qb3 Qb6 13. Qxd5 Qxb2 14. Qxe4 Qxe2 15. dxe5 dxe5 16. Rfe1 Qa6 17. Ng5 g6 18. Qh4 h5 19. g4 Ne7 20. gxh5 Nf5 21. Qg4 Nh6 22. Qg2 f6 23. Ne4 g5 24. Rab1 Nf5 25. Rxb7 Nh4 26. Qh1 Qe6 27. Ng3 g4 28. Kf1 Nf3 29. Re2 Rad8 30. Rb1 Nd2+ 31. Rxd2 Rxd2 32. Qe4 f5 33. Qa4 Rxa2 34. Qb4 gxh3 35. h6 Rf7 36. Qh4 Kh7 37. Qxh3 Qxh6 38. Qg2 Rg7 39. Qd5 Qh3+ 40. Ke1 Rxf2 41. Kxf2 Qxg3+ 42. Ke2 Qg2+ 43. Qxg2 Rxg2+ 44. Kf3 Rg7 45. Rb5 Re7 46. Ra5 Kg6 47. c4 Kf6 48. c5 f4 49. Ke4 fxe3 50. Kxe3 Kf5 51. c6 Rc7 52. Ra6 Ke6 53. Ke4 Kd6 54. Ra5 Rxc6 55. Rd5+ Kc7 56. Kxe5 Kb6 57. Rd1 a5 58. Kd5 Rc5+ 59. Kd4 Rc2 60. Rb1+ Ka6 61. Ra1 Kb5 62. Rb1+ Ka4 63. Ra1+ Kb4 64. Rb1+ Ka3 65. Ra1+ Ra2 66. Rxa2+ Kxa2 67. Kc3 a4 68. Kc2 a3 69. Kc1 1/2-1/2

[Event "Montcalm II 2001-02"]
[Site "Quebec CAN"]
[Date "2001.11.08"]
[Round "4"]
[White "Papineau (Granby), Daniel"]
[Black "Sauve, Richard"]
[Result "0-1"]
[WhiteElo "1886"]
[BlackElo "1902"]
[PlyCount "128"]
[GameId "2160767911485063"]
[EventDate "2001.10.18"]
[EventType "tourn"]
[EventRounds "5"]
[EventCountry "CAN"]

1. d4 d5 2. c4 e6 3. Nc3 c6 4. e4 dxe4 5. Nxe4 Bb4+ 6. Bd2 Qxd4 7. Bxb4 Qxe4+ 8. Ne2 Na6 9. Ba3 Ne7 10. f3 Qe3 11. Rc1 Bd7 12. Rc3 Qe5 13. g3 Rd8 14. Rd3 Nf5 15. Qd2 Nc5 16. Bxc5 Qxc5 17. Nc3 h5 18. Bh3 h4 19. g4 Ne7 20. Ne4 Qe5 21. O-O Ng6 22. Nd6+ Ke7 23. f4 Qc5+ 24. Kh1 Qb6 25. Re1 Qc7 26. f5 c5 27. Bg2 h3 28. Be4 Bc6 29. Qg5+ Kf8 30. fxg6 Rxd6 31. Qf4 Bxe4+ 32. Qxe4 Rxd3 33. Qxd3 Qc6+ 34. Re4 Ke7 35. gxf7 Rf8 36. Kg1 Rxf7 37. Qd5 Qxd5 38. cxd5 Rf6 39. Re3 Rg6 40. Kf2 Rxg4 41. Rxe6+ Kd7 42. Kf3 Rg2 43. Re3 Rxb2 44. Ra3 Rxh2 45. Rxa7 Rb2 46. Ra8 h2 47. Rh8 Rxa2 48. Ke4 b5 49. Kd3 Kd6 50. Ke4 b4 51. Rd8+ Ke7 52. Rh8 b3 53. Ke5 Re2+ 54. Kf4 b2 55. d6+ Kxd6 56. Rd8+ Kc6 57. Rd1 c4 58. Kf3 Re6 59. Kg2 c3 60. Kh1 c2 61. Rf1 c1=Q 62. Kxh2 Qxf1 63. Kg3 Rg6+ 64. Kh4 Qh1# 0-1

[Event "Montcalm II 2001-02"]
[Site "Quebec CAN"]
[Date "2001.11.08"]
[Round "4"]
[White "Robitaille, Denis"]
[Black "Brunet, Dominique"]
[Result "1-0"]
[WhiteElo "1794"]
[BlackElo "1795"]
[PlyCount "57"]
[GameId "2160767911485064"]
[EventDate "2001.10.18"]
[EventType "tourn"]
[EventRounds "5"]
[EventCountry "CAN"]
[SourceTitle "EXT 2009"]
[Source "ChessBase"]
[SourceDate "2008.11.26"]
[SourceVersion "1"]
[SourceVersionDate "2008.11.26"]
[SourceQuality "1"]

1. Nf3 d5 2. g3 Nf6 3. Bg2 e6 4. O-O Be7 5. d4 O-O 6. c4 c6 7. Qc2 Nbd7 8. b3 Re8 9. Bb2 Bd6 10. Ne5 Bxe5 11. dxe5 Ng4 12. cxd5 exd5 13. e4 dxe4 14. Bxe4 Ngxe5 15. Bxh7+ Kh8 16. Be4 Nf6 17. Bg2 Bg4 18. Na3 Nf3+ 19. Kh1 Ng5 20. Qc4 Be2 21. Qh4+ Ngh7 22. Rfe1 Ng4 23. Rxe2 Rxe2 24. Bxg7+ Kxg7 25. Qxg4+ Qg5 26. Qxe2 Rd8 27. Nc4 Nf6 28. h4 Qb5 29. Qe5 1-0

[Event "Montcalm II 2001-02"]
[Site "Quebec CAN"]
[Date "2001.11.15"]
[Round "5"]
[White "Bisson, Real"]
[Black "Dion, Jean-Francois"]
[Result "1-0"]
[WhiteElo "1651"]
[BlackElo "1719"]
[PlyCount "113"]
[GameId "2160767911485065"]
[EventDate "2001.10.18"]
[EventType "tourn"]
[EventRounds "5"]
[EventCountry "CAN"]
[SourceTitle "EXT 2009"]
[Source "ChessBase"]
[SourceDate "2008.11.26"]
[SourceVersion "1"]
[SourceVersionDate "2008.11.26"]
[SourceQuality "1"]

1. e4 d6 2. d4 Nf6 3. f3 g6 4. c4 Bg7 5. Nc3 O-O 6. Be3 e5 7. d5 Nh5 8. g4 Nf4 9. Nge2 g5 10. Ng3 Nd7 11. Qd2 a5 12. h4 f6 13. hxg5 fxg5 14. Nf5 Nf6 15. c5 h5 16. cxd6 cxd6 17. Bxf4 Bxf5 18. Bxg5 Bd7 19. gxh5 Qe8 20. h6 Bh8 21. Qg2 Kh7 22. Bd3 Rg8 23. f4 Ng4 24. Kd2 Qg6 25. Rag1 Bf6 26. Bxf6 Qxf6 27. Qf3 Raf8 28. f5 Qg5+ 29. Ke2 Rf6 30. Rg3 Be8 31. Kd1 Ne3+ 32. Qxe3 Qxg3 33. Qxg3 Rxg3 34. Kc2 Rg2+ 35. Kb3 Rf8 36. Bb5 Bf7 37. Bd7 Rg3 38. Kc4 Be8 39. Be6 b5+ 40. Nxb5 Bxb5+ 41. Kxb5 Rb8+ 42. Kc6 Rxb2 43. Kxd6 Re2 44. Kxe5 Rg4 45. d6 Rgxe4+ 46. Kf6 Rd4 47. d7 Rb2 48. Ke7 Rb7 49. Rc1 Kxh6 50. Rc8 Kg7 51. Rg8+ Kh7 52. Rc8 Kg7 53. Ke8 Rh4 54. f6+ Kg6 55. f7 Re4 56. f8=N+ Kg7 57. d8=Q 1-0

[Event "Montcalm II 2001-02"]
[Site "Quebec CAN"]
[Date "2001.11.15"]
[Round "5"]
[White "Marquis, Paul"]
[Black "Papineau (Granby), Daniel"]
[Result "0-1"]
[WhiteElo "1916"]
[BlackElo "1894"]
[PlyCount "86"]
[GameId "2160767911485066"]
[EventDate "2001.10.18"]
[EventType "tourn"]
[EventRounds "5"]
[EventCountry "CAN"]

1. e4 d5 2. exd5 Nf6 3. d4 Bg4 4. Bb5+ Nbd7 5. f3 Bf5 6. c4 e6 7. dxe6 Bxe6 8. d5 Bf5 9. Nc3 Bb4 10. Qe2+ Kf8 11. Be3 a6 12. Bxd7 Nxd7 13. a3 Bxc3+ 14. bxc3 Qe7 15. Bd4 Qd6 16. Kf2 Re8 17. Qd2 Ne5 18. Bxe5 Qxe5 19. Ne2 Qd6 20. Ng3 Bg6 21. Qd4 b6 22. Rhe1 f6 23. Rxe8+ Kxe8 24. Re1+ Kd8 25. Ne4 Bxe4 26. Qxe4 Qxa3 27. d6 Qc5+ 28. Kf1 cxd6 29. Qa8+ Qc8 30. Qd5 Qc7 31. Re6 Kd7 32. Qe4 Qd8 33. Qg4 h5 34. Qf5 Kc7 35. Qe4 Kd7 36. Qd5 Qf8 37. Re2 Kc7 38. f4 g6 39. Re6 Rh7 40. f5 gxf5 41. Qxf5 Re7 42. Rxf6 Qe8 43. Qf3 Qc6 0-1

[Event "Montcalm II 2001-02"]
[Site "Quebec CAN"]
[Date "2001.11.15"]
[Round "5"]
[White "Poliquin, Yvone"]
[Black "Boudreau, Daniel"]
[Result "0-1"]
[WhiteElo "1902"]
[BlackElo "2046"]
[PlyCount "90"]
[GameId "2160767911485067"]
[EventDate "2001.10.18"]
[EventType "tourn"]
[EventRounds "5"]
[EventCountry "CAN"]
[SourceTitle "EXT 2009"]
[Source "ChessBase"]
[SourceDate "2008.11.26"]
[SourceVersion "1"]
[SourceVersionDate "2008.11.26"]
[SourceQuality "1"]

1. e4 c5 2. Nf3 Nc6 3. d4 cxd4 4. Nxd4 e6 5. Nc3 a6 6. Be2 Nge7 7. Nxc6 Nxc6 8. O-O Bc5 9. Bd3 Qc7 10. Kh1 Ne5 11. f4 Nxd3 12. cxd3 Bd4 13. Bd2 b5 14. Rc1 Qb6 15. f5 Bb7 16. fxe6 dxe6 17. Qb3 O-O 18. Ne2 Be3 19. Bxe3 Qxe3 20. Nf4 Rad8 21. Rce1 Qb6 22. Rf3 Qd6 23. Ref1 Bc8 24. Nh5 Qe5 25. g4 Qc7 26. Qd1 e5 27. h3 Be6 28. Qd2 Qe7 29. g5 g6 30. Nf6+ Kg7 31. Qf2 Rh8 32. Qg3 Bxa2 33. Qh4 h5 34. Qf2 Be6 35. Kh2 Rhf8 36. Qe2 Qd6 37. Rg3 Rh8 38. Qd2 Qd4 39. Kg2 Rc8 40. Rgf3 Bb3 41. Rc1 Rc5 42. Rxc5 Qxc5 43. Rf2 Rc8 44. Qe2 Qc1 45. Nxh5+ gxh5 0-1

[Event "Montcalm II 2001-02"]
[Site "Quebec CAN"]
[Date "2001.11.15"]
[Round "5"]
[White "Sauve, Richard"]
[Black "Auger, Bertrand"]
[Result "0-1"]
[WhiteElo "1894"]
[BlackElo "2051"]
[PlyCount "52"]
[GameId "2160767911485068"]
[EventDate "2001.10.18"]
[EventType "tourn"]
[EventRounds "5"]
[EventCountry "CAN"]
[SourceTitle "EXT 2009"]
[Source "ChessBase"]
[SourceDate "2008.11.26"]
[SourceVersion "1"]
[SourceVersionDate "2008.11.26"]
[SourceQuality "1"]

1. d4 d5 2. c4 e6 3. Nc3 Be7 4. cxd5 exd5 5. Bf4 c6 6. e3 Bf5 7. Bd3 Bxd3 8. Qxd3 Nf6 9. Nf3 Nbd7 10. O-O Nh5 11. Be5 Nxe5 12. dxe5 g6 13. Rfd1 O-O 14. e4 dxe4 15. Qxe4 Qc7 16. e6 Qf4 17. Rd7 Rae8 18. Rxb7 Qxe4 19. Nxe4 f5 20. Neg5 Nf4 21. Rxa7 h6 22. Nf7 Nxe6 23. N7e5 Nd4 24. Rxe7 Nxf3+ 25. gxf3 Rxe7 26. Nxg6 Rg7 0-1

[Event "Montcalm II 2001-02"]
[Site "Quebec CAN"]
[Date "2001.11.15"]
[Round "5"]
[White "Theriault, Jean-Louis"]
[Black "Bourassa, Andre"]
[Result "1-0"]
[WhiteElo "1392"]
[BlackElo "1584"]
[PlyCount "124"]
[GameId "2160767911485069"]
[EventDate "2001.10.18"]
[EventType "tourn"]
[EventRounds "5"]
[EventCountry "CAN"]

1. e4 c5 2. Nf3 d6 3. d4 cxd4 4. Nxd4 Nf6 5. Nc3 a6 6. Bc4 Qc7 7. Bb3 e6 8. Be3 Be7 9. Qd2 Bd7 10. f3 Nc6 11. O-O-O Na5 12. Qf2 b5 13. Kb1 Rc8 14. Ndxb5 axb5 15. Bb6 Qb7 16. Bxa5 O-O 17. Bb4 Rc6 18. Rd3 Rd8 19. Rhd1 Ne8 20. e5 Bc8 21. Ne4 d5 22. Bxe7 Qxe7 23. f4 Rd7 24. Nc3 Nc7 25. Qf3 b4 26. Ba4 Rxc3 27. Rxc3 bxc3 28. Bxd7 Qb4 29. Qxc3 Qxc3 30. bxc3 Bxd7 31. c4 Bc6 32. cxd5 Nxd5 33. Kb2 Kf8 34. g3 Ke7 35. Kb3 Ba4+ 36. Kb2 Ne3 37. Rd3 Nxc2 38. Rc3 Ne1 39. Rc7+ Bd7 40. Ka3 Nf3 41. Rc1 h6 42. h4 Nd4 43. Kb4 Ne2 44. Rc2 Nxg3 45. a4 Nf5 46. a5 Nd4 47. Rc5 Nc6+ 48. Kc4 Nb8 49. Rc7 Kd8 50. Ra7 Nc6 51. Ra8+ Bc8 52. Kc5 Nxa5 53. Rxa5 Kc7 54. Ra7+ Bb7 55. Rxb7+ Kxb7 56. Kd6 Kc8 57. Ke7 f5 58. Kxe6 g5 59. Kf7 gxf4 60. e6 f3 61. e7 f2 62. e8=Q+ Kc7 1-0

[Event "Montcalm III 2001-02"]
[Site "Quebec CAN"]
[Date "2001.11.22"]
[Round "1"]
[White "Audet-Bouchard, Nicolas"]
[Black "Robitaille, Denis"]
[Result "1-0"]
[WhiteElo "2038"]
[BlackElo "1794"]
[PlyCount "55"]
[GameId "2160767911484833"]
[EventDate "2001.11.22"]
[EventType "swiss"]
[EventRounds "5"]
[EventCountry "CAN"]
[SourceTitle "EXT 2009"]
[Source "ChessBase"]
[SourceDate "2008.11.26"]
[SourceVersion "1"]
[SourceVersionDate "2008.11.26"]
[SourceQuality "1"]

1. e4 g6 2. d4 Bg7 3. Nc3 c6 4. Be3 d5 5. e5 f6 6. exf6 exf6 7. Qd2 Ne7 8. O-O-O b5 9. Bd3 a5 10. Nf3 Bf5 11. h4 Na6 12. h5 Kf7 13. Be2 a4 14. g4 Be6 15. Nh4 Qa5 16. f4 b4 17. Nb1 f5 18. gxf5 Nxf5 19. Rdg1 Nxh4 20. Rxh4 Bf6 21. Rh2 Bf5 22. Bd3 Qc7 23. hxg6+ hxg6 24. Rxh8 Bxh8 25. Bxf5 gxf5 26. Qg2 Qd6 27. Qh3 Qf6 28. Qh5+ 1-0

[Event "Montcalm III 2001-02"]
[Site "Quebec CAN"]
[Date "2001.11.22"]
[Round "1"]
[White "Bisson, Real"]
[Black "Beaudoin, Stephane"]
[Result "1-0"]
[WhiteElo "1631"]
[BlackElo "1978"]
[PlyCount "79"]
[GameId "2160767911484834"]
[EventDate "2001.11.22"]
[EventType "swiss"]
[EventRounds "5"]
[EventCountry "CAN"]
[SourceTitle "EXT 2009"]
[Source "ChessBase"]
[SourceDate "2008.11.26"]
[SourceVersion "1"]
[SourceVersionDate "2008.11.26"]
[SourceQuality "1"]

1. e4 g6 2. d4 Bg7 3. c4 c5 4. d5 d6 5. Nc3 e6 6. Be3 Nf6 7. f3 O-O 8. Qc2 a6 9. a4 exd5 10. cxd5 Nbd7 11. Nh3 Ne5 12. Nf2 Qa5 13. Be2 b5 14. O-O Nc4 15. Bxc4 bxc4 16. Bf4 Qc7 17. Qe2 Nh5 18. Bd2 Rb8 19. Qxc4 Rxb2 20. Be3 Rb4 21. Qd3 Rb3 22. Rfc1 Bd7 23. g4 Nf6 24. Qxa6 Nxg4 25. Nxg4 Bxg4 26. Nb5 Rxb5 27. axb5 Bxf3 28. Ra4 Qd7 29. Kf2 Qh3 30. b6 Qg2+ 31. Ke1 Bf6 32. Qf1 Qg4 33. b7 Kg7 34. Rcc4 Qh4+ 35. Qf2 Qh5 36. e5 Bxe5 37. Ra8 Bc3+ 38. Rxc3 Qxd5 39. Bh6+ Kxh6 40. Qxf3 1-0

[Event "Montcalm III 2001-02"]
[Site "Quebec CAN"]
[Date "2001.11.22"]
[Round "1"]
[White "Bourassa, Andre"]
[Black "Sauve, Richard"]
[Result "0-1"]
[WhiteElo "1575"]
[BlackElo "1924"]
[PlyCount "51"]
[GameId "2160767911484835"]
[EventDate "2001.11.22"]
[EventType "swiss"]
[EventRounds "5"]
[EventCountry "CAN"]

1. d4 e6 2. c4 d5 3. Nf3 c6 4. e3 Nf6 5. Nc3 Be7 6. Bd2 O-O 7. Be2 Nbd7 8. Qc2 b6 9. O-O Bb7 10. Ne5 Qc7 11. f4 Rfc8 12. a3 c5 13. Nb5 Qd8 14. b3 a6 15. Nc3 cxd4 16. exd4 dxc4 17. bxc4 Nxe5 18. dxe5 Qd4+ 19. Kh1 Ne4 20. Nxe4 Bxe4 21. Bc3 Qxc4 22. Bxc4 Bxc2 23. Rfc1 Rxc4 24. Rxc2 Rac8 25. Rac1 Bxa3 26. Bb2 0-1

[Event "Montcalm III 2001-02"]
[Site "Quebec CAN"]
[Date "2001.11.22"]
[Round "1"]
[White "Dion, Jean-Francois"]
[Black "Caire, Francois"]
[Result "1/2-1/2"]
[WhiteElo "1713"]
[BlackElo "2136"]
[PlyCount "85"]
[GameId "2160767911484836"]
[EventDate "2001.11.22"]
[EventType "swiss"]
[EventRounds "5"]
[EventCountry "CAN"]
[SourceTitle "EXT 2009"]
[Source "ChessBase"]
[SourceDate "2008.11.26"]
[SourceVersion "1"]
[SourceVersionDate "2008.11.26"]
[SourceQuality "1"]

1. d4 g6 2. Nf3 Bg7 3. Bf4 d6 4. e3 Nd7 5. c3 Ngf6 6. h3 O-O 7. Bc4 Qe8 8. O-O e5 9. Bh2 e4 10. Ne1 Qe7 11. Nd2 Nb6 12. Be2 Ne8 13. a4 a5 14. Nc2 f5 15. Na3 Bh6 16. Qc2 Be6 17. Ndc4 Nd7 18. Qb3 d5 19. Ne5 Nxe5 20. Bxe5 c6 21. c4 f4 22. cxd5 cxd5 23. Bxf4 Bxf4 24. exf4 Rxf4 25. Rac1 Nd6 26. Rc5 Raf8 27. Nb5 Nxb5 28. Rxb5 Qf6 29. Qe3 g5 30. Rxb7 g4 31. g3 Rf5 32. Bxg4 Qg6 33. Bxf5 Bxf5 34. h4 Bc8 35. Rc7 h6 36. Rfc1 Be6 37. R1c6 Rf3 38. Qe2 Kh8 39. Rb6 Rxg3+ 40. fxg3 Qxg3+ 41. Qg2 Qe1+ 42. Kh2 Qxh4+ 43. Kg1 1/2-1/2

[Event "Montcalm III 2001-02"]
[Site "Quebec CAN"]
[Date "2001.11.22"]
[Round "1"]
[White "Martineau, Michel"]
[Black "Plante, Rejean"]
[Result "0-1"]
[WhiteElo "1898"]
[BlackElo "2166"]
[PlyCount "110"]
[GameId "2160767911484837"]
[EventDate "2001.11.22"]
[EventType "swiss"]
[EventRounds "5"]
[EventCountry "CAN"]
[SourceTitle "EXT 2009"]
[Source "ChessBase"]
[SourceDate "2008.11.26"]
[SourceVersion "1"]
[SourceVersionDate "2008.11.26"]
[SourceQuality "1"]

1. Nf3 c5 2. c4 Nc6 3. g3 g6 4. Bg2 Bg7 5. Nc3 d6 6. O-O Bd7 7. Rb1 Nf6 8. d4 cxd4 9. Nxd4 O-O 10. Nxc6 Bxc6 11. Nd5 Rc8 12. e4 b5 13. cxb5 Bxb5 14. Re1 Re8 15. Bg5 Nxd5 16. exd5 h6 17. Be3 Qa5 18. a4 Bxa4 19. Ra1 Bxd1 20. Rxa5 Bc2 21. Rxa7 Bxb2 22. Bxh6 Bf6 23. h4 Ra8 24. Rxa8 Rxa8 25. Bg5 Kg7 26. Re3 Ra1+ 27. Kh2 Ra7 28. Bxf6+ Kxf6 29. Rf3+ Kg7 30. Re3 Kf6 31. Rf3+ Kg7 32. Re3 Kf8 33. Bf3 Ra4 34. Kg2 Rd4 35. Kf1 Bd1 36. Bg2 f5 37. Ra3 Ba4 38. Ke1 Kg7 39. Re3 Kf7 40. Ra3 Bd1 41. Re3 Bc2 42. Ra3 Kf6 43. Ra5 f4 44. Bf3 Bb3 45. Ra3 Bxd5 46. Bxd5 Rxd5 47. Rf3 Rd4 48. gxf4 Kf5 49. Rh3 Re4+ 50. Kd2 Kxf4 51. h5 Kg4 52. Rh2 gxh5 53. f3+ Kxf3 54. Rxh5 Rd4+ 55. Kc3 e5 0-1

[Event "Montcalm III 2001-02"]
[Site "Quebec CAN"]
[Date "2001.11.22"]
[Round "1"]
[White "Perreault, Jacquelin"]
[Black "Auger, Bertrand"]
[Result "1/2-1/2"]
[WhiteElo "1818"]
[BlackElo "2039"]
[PlyCount "89"]
[GameId "2160767911484838"]
[EventDate "2001.11.22"]
[EventType "swiss"]
[EventRounds "5"]
[EventCountry "CAN"]
[SourceTitle "EXT 2009"]
[Source "ChessBase"]
[SourceDate "2008.11.26"]
[SourceVersion "1"]
[SourceVersionDate "2008.11.26"]
[SourceQuality "1"]

1. e4 e6 2. d4 d5 3. Nd2 Nf6 4. e5 Nfd7 5. Bd3 c5 6. c3 Nc6 7. Ne2 cxd4 8. cxd4 f6 9. Nf4 Nxd4 10. Qh5+ Ke7 11. exf6+ Nxf6 12. Ng6+ hxg6 13. Qxh8 Kf7 14. O-O e5 15. Nb3 Nxb3 16. axb3 e4 17. Be2 Be6 18. Bf4 Bc5 19. Qxd8 Rxd8 20. Rfc1 Bd4 21. Rc7+ Bd7 22. Bb5 Bb6 23. Rxb7 Ke6 24. Bxd7+ Rxd7 25. Rxd7 Nxd7 26. Kf1 d4 27. b4 Kf5 28. Bd6 Ke6 29. Bf4 Kf5 30. Bd6 Ke6 31. Bg3 Kd5 32. Rc1 d3 33. Bf4 Bd4 34. Rc7 Nf8 35. Be3 Ne6 36. Rd7+ Kc4 37. Rd6 Bxe3 38. fxe3 Nf8 39. Rd4+ Kb3 40. Rxe4 Kc2 41. Rc4+ Kd2 42. e4 Nd7 43. Rc7 Ne5 44. h3 Ke3 45. Ke1 1/2-1/2

[Event "Montcalm III 2001-02"]
[Site "Quebec CAN"]
[Date "2001.11.22"]
[Round "1"]
[White "St Amand, Paul Jr"]
[Black "Fecteau, Martin"]
[Result "1-0"]
[WhiteElo "2105"]
[BlackElo "1888"]
[PlyCount "77"]
[GameId "2160767911484839"]
[EventDate "2001.11.22"]
[EventType "swiss"]
[EventRounds "5"]
[EventCountry "CAN"]
[SourceTitle "EXT 2009"]
[Source "ChessBase"]
[SourceDate "2008.11.26"]
[SourceVersion "1"]
[SourceVersionDate "2008.11.26"]
[SourceQuality "1"]

1. e4 e6 2. d4 d5 3. Nd2 Nf6 4. e5 Nfd7 5. f4 c5 6. c3 Nc6 7. Ndf3 cxd4 8. cxd4 Bb4+ 9. Kf2 O-O 10. g3 f6 11. Kg2 fxe5 12. fxe5 Nb6 13. Bd3 Be7 14. Ne2 Bd7 15. Rf1 Nb4 16. Bb1 Bb5 17. a3 Nc6 18. Rf2 Bxe2 19. Rxe2 Rc8 20. Qd3 g6 21. Bh6 Rf7 22. Ba2 Bf8 23. Bg5 Be7 24. Be3 Qf8 25. Rf1 Rc7 26. Qd2 Qe8 27. h4 Bd8 28. Qd3 Ne7 29. Bg5 Nf5 30. Bxd8 Qxd8 31. Ng5 Rfe7 32. g4 Nxh4+ 33. Kg3 Re8 34. Kxh4 Rg7 35. Rf6 h6 36. Nh3 Nd7 37. g5 Nxf6 38. exf6 Rf7 39. Qxg6+ 1-0

[Event "Montcalm III 2001-02"]
[Site "Quebec CAN"]
[Date "2001.11.29"]
[Round "2"]
[White "Caire, Francois"]
[Black "Perreault, Jacquelin"]
[Result "1-0"]
[WhiteElo "2136"]
[BlackElo "1818"]
[PlyCount "61"]
[GameId "2160767911484841"]
[EventDate "2001.11.22"]
[EventType "swiss"]
[EventRounds "5"]
[EventCountry "CAN"]

1. e4 c5 2. Nf3 d6 3. d4 cxd4 4. Nxd4 Nf6 5. Nc3 a6 6. Bg5 e6 7. f4 Nc6 8. Nxc6 bxc6 9. e5 h6 10. Bh4 g5 11. fxg5 Nd5 12. Nxd5 cxd5 13. exd6 Qb6 14. Bf2 Qb4+ 15. Qd2 Bxd6 16. Qxb4 Bxb4+ 17. c3 Bd6 18. gxh6 Rxh6 19. h4 Rb8 20. O-O-O Bf4+ 21. Kb1 Bb7 22. g3 d4 23. Rh2 dxc3 24. gxf4 Be4+ 25. Bd3 Rxb2+ 26. Kc1 Bf3 27. Rg1 Rxa2 28. Bc4 Rd2 29. Bxa6 e5 30. Bb5+ Kf8 31. Bc5+ 1-0

[Event "Montcalm III 2001-02"]
[Site "Quebec CAN"]
[Date "2001.11.29"]
[Round "2"]
[White "Fillion, Nicolas"]
[Black "Martineau, Michel"]
[Result "1-0"]
[WhiteElo "1410"]
[BlackElo "1918"]
[PlyCount "115"]
[GameId "2160767911484842"]
[EventDate "2001.11.22"]
[EventType "swiss"]
[EventRounds "5"]
[EventCountry "CAN"]

1. e4 c5 2. Nc3 g6 3. g3 Bg7 4. Bg2 Nc6 5. d3 d6 6. Be3 Nf6 7. h3 O-O 8. Qd2 a6 9. Nge2 Rb8 10. d4 cxd4 11. Nxd4 Ne5 12. b3 Qc7 13. O-O Rd8 14. Nd5 Nxd5 15. exd5 Nd7 16. Rac1 Nc5 17. Rfe1 e5 18. dxe6 fxe6 19. c4 e5 20. Ne2 Bf5 21. Qd5+ Be6 22. Qd2 Qd7 23. Bd5 Kh8 24. h4 Bf5 25. Bxc5 dxc5 26. Nc3 Qe7 27. Ne4 h6 28. Qe3 Rbc8 29. Rcd1 Rd7 30. Rd2 Rcd8 31. Nxc5 Rc7 32. Nxb7 Rxb7 33. Bxb7 Rxd2 34. Qxd2 Qxb7 35. Qd5 Qc8 36. Rd1 Kh7 37. Qa5 Be4 38. Kh2 Qg4 39. Rg1 g5 40. Qd8 Bf5 41. Rh1 Qf3 42. Qd2 gxh4 43. gxh4 Qg4 44. Qe3 Qxh4+ 45. Kg1 Qg4+ 46. Kf1 Be4 47. Rg1 Qd1+ 48. Qe1 Bd3+ 49. Kg2 Qg4+ 50. Kh2 Qf4+ 51. Rg3 e4 52. Qe3 Be5 53. Qa7+ Bc7 54. Kg1 Qc1+ 55. Kg2 Qf1+ 56. Kh2 Kh8 57. Qa8+ Kh7 58. Qg8# 1-0

[Event "Montcalm III 2001-02"]
[Site "Quebec CAN"]
[Date "2001.11.29"]
[Round "2"]
[White "Plante, Rejean"]
[Black "Lessard, Claude"]
[Result "1/2-1/2"]
[WhiteElo "2166"]
[BlackElo "1928"]
[PlyCount "63"]
[GameId "2160767911484843"]
[EventDate "2001.11.22"]
[EventType "swiss"]
[EventRounds "5"]
[EventCountry "CAN"]
[SourceTitle "EXT 2009"]
[Source "ChessBase"]
[SourceDate "2008.11.26"]
[SourceVersion "1"]
[SourceVersionDate "2008.11.26"]
[SourceQuality "1"]

1. d4 d5 2. c4 c6 3. Nf3 Nf6 4. Qc2 g6 5. e3 Bg7 6. Nc3 O-O 7. Bd3 Na6 8. a3 Nc7 9. O-O dxc4 10. Bxc4 Be6 11. Be2 Rc8 12. b4 Bg4 13. Bb2 Ncd5 14. h3 Nxc3 15. Bxc3 Bxf3 16. Bxf3 Nd5 17. Bb2 a5 18. Qd2 axb4 19. axb4 Qb6 20. Bxd5 cxd5 21. Ra5 e6 22. Rfa1 Rc4 23. Ba3 Rfc8 24. Rc5 Bf8 25. Rxc8 Rxc8 26. Rb1 Qb5 27. Rb3 Bd6 28. g3 Rc4 29. Qb2 h5 30. h4 Qa4 31. Kg2 b5 32. Qb1 1/2-1/2

[Event "Montcalm III 2001-02"]
[Site "Quebec CAN"]
[Date "2001.11.29"]
[Round "2"]
[White "Sauve, Richard"]
[Black "St Amand, Paul Jr"]
[Result "1-0"]
[WhiteElo "1902"]
[BlackElo "2105"]
[PlyCount "50"]
[GameId "2160767911484844"]
[EventDate "2001.11.22"]
[EventType "swiss"]
[EventRounds "5"]
[EventCountry "CAN"]
[SourceTitle "EXT 2009"]
[Source "ChessBase"]
[SourceDate "2008.11.26"]
[SourceVersion "1"]
[SourceVersionDate "2008.11.26"]
[SourceQuality "1"]

1. d4 Nf6 2. c4 c5 3. d5 e6 4. Nc3 exd5 5. cxd5 d6 6. e4 g6 7. f4 Bg7 8. Nf3 O-O 9. Be2 Re8 10. e5 dxe5 11. fxe5 Ng4 12. Bg5 f6 13. exf6 Bxf6 14. Qd2 Bf5 15. O-O Bxg5 16. Qxg5 Nd7 17. b3 Ne3 18. Qxd8 Raxd8 19. Rf2 Nb6 20. Bb5 Rf8 21. Rd2 Bh3 22. Re1 Nxg2 23. Rxg2 Rxf3 24. Rge2 a6 25. Re6 Bxe6 1-0